书目信息 |
| 题名: |
共和国的脚步
|
|
| 作者: | 曹文炼 , 张力炜, 著 | |
| 分册: | ||
| 出版信息: | 北京 东方出版社 2021.01 |
|
| 页数: | 360页 | |
| 开本: | 21cm | |
| 丛书名: | 莫干山丛书 | |
| 单 册: | ||
| 中图分类: | F123.3 | |
| 科图分类: | ||
| 主题词: | 中国经济--zhong guo jing ji--国民经济计划--五年计划--概况 | |
| 电子资源: | ||
| ISBN: | 978-7-5207-1706-9 | |
| 000 | 01397nam 2200325 450 | |
| 001 | CAL 0120203121202 | |
| 005 | 20230217093113.0 | |
| 010 | @a978-7-5207-1706-9@dCNY59.80 | |
| 100 | @a20201221d2021 em y0chiy0120 ea | |
| 101 | 0 | @achi |
| 102 | @aCN@b110000 | |
| 105 | @aa a 000yy | |
| 106 | @ar | |
| 200 | 1 | @a共和国的脚步@Agong he guo de jiao bu@e“一五”至“十五”计划编制与实施的历史回顾@f曹文炼, 张力炜著 |
| 210 | @a北京@c东方出版社@d2021.01 | |
| 215 | @a360页@c图@d21cm | |
| 225 | 2 | @a莫干山丛书@Amo gan shan cong shu |
| 300 | @a献礼中国共产党成立100周年 | |
| 314 | @a曹文炼, 经济学博士、教授、博士生导师。张力炜, 发展经济学硕士、副研究员。 | |
| 320 | @a有书目 | |
| 330 | @a本书是关于国家“一五”计划至“十五”计划编制与实施过程的回顾总结。该书以各个五年计划的编制与实施为主线, 记录新中国成立以来经济与社会发展的曲折道路, 侧面反映党和政府在新中国成立以来各个历史时期所做出的经济社会发展重要决策与经验教训。 | |
| 410 | 0 | @12001 @a莫干山丛书 |
| 517 | 1 | @a“一五”至“十五”计划编制与实施的历史回顾@A“ yi wu ” zhi “ shi wu ” ji hua bian zhi yu shi shi de li shi hui gu |
| 606 | 0 | @a中国经济@Azhong guo jing ji@x国民经济计划@x五年计划@x概况 |
| 690 | @aF123.3@v5 | |
| 701 | 0 | @a曹文炼@Acao wen lian@4著 |
| 701 | 0 | @a张力炜,@Azhang li wei@f1950-@4著 |
| 801 | 0 | @aCN@bBJXHZP@c20230228 |
| 905 | @b1389570-3@dF123.3@e319@f4 | |
| 998 | @bbm001b-2021.03.11 09:20:16 | |
| 共和国的脚步:“一五”至“十五”计划编制与实施的历史回顾/曹文炼, 张力炜著.-北京:东方出版社,2021.01 |
| 360页:图;21cm.-(莫干山丛书) |
| 献礼中国共产党成立100周年 |
| ISBN 978-7-5207-1706-9:CNY59.80 |
| 本书是关于国家“一五”计划至“十五”计划编制与实施过程的回顾总结。该书以各个五年计划的编制与实施为主线, 记录新中国成立以来经济与社会发展的曲折道路, 侧面反映党和政府在新中国成立以来各个历史时期所做出的经济社会发展重要决策与经验教训。 |
| ● |
| 相关链接 |
|
|
|
|
正题名:共和国的脚步
索取号:F123.3/319
 
预约/预借
| 序号 | 登录号 | 条形码 | 馆藏地/架位号 | 状态 | 备注 |
| 1 | 1389570 | 213895702 | 第一样本阅览室/ [索取号:F123.3/319] | 在馆 | |
| 2 | 1389571 | 213895711 | 第一借阅区/ [索取号:F123.3/319] | 在馆 | |
| 3 | 1389572 | 213895720 | 第一借阅区/ [索取号:F123.3/319] | 在馆 | |
| 4 | 1389573 | 213895739 | 第一借阅区/ [索取号:F123.3/319] | 在馆 |